000 00675nam a2200229 a 4500
001 70114
003 BD-RjUL
005 20211209081951.0
008 170416s1965 njua b 001 0 eng d
035 _a(BD-RjUL)70326
040 _aDLC/ICU
_cICU
_dBD-RjUL
_beng
041 _aeng
082 0 0 _a547
_223
_bFET 1965
100 1 _aFerguson, Lloyd N.
_9207649
245 1 0 _aTextbook of organic chemistry /
_c[by] Lloyd N. Ferguson.
250 _a2d ed.
260 _aPrinceton, N.J.,
_bVan Nostrand
_c1965
300 _axii, 755 p. :
_bill. ;
_c24 cm.
504 _aBibliographical references included in footnotes.
650 0 _aChemistry, Organic.
_9207650
942 _2ddc
_cBK
999 _c70114
_d70114